[Event "Candas op"]
[Site "Candas"]
[Date "1992.??.??"]
[Round "1"]
[White "Hodgson, Julian M"]
[Black "Ahmed Zaid, Abdelnour"]
[Result "1-0"]
[WhiteElo "2545"]
[BlackElo "2225"]

1.d4 Nf6 2.Bg5 c5 3.d5 d6 4.Nc3 Bf5 5.f3 Nbd7 6.e4 Bg6 7.Nh3 h6 8.Be3 a6
9.a4 Qc7 10.Be2 Rb8 11.O-O Bh7 12.a5 g5 13.Nf2 Ne5 14.Qd2 Bg7 15.Kh1 Ng6
16.g3 Nd7 17.f4 gxf4 18.gxf4 f5 19.Rg1 O-O 20.Rg3 fxe4 21.Rag1 Rf6 22.Ncxe4 Rf5
23.Bg4 Nh4 24.Bh3 Rf7 25.Qc3 Nf6 26.Be6 Nf5 27.Rxg7+ Nxg7 28.Nxf6+ exf6 29.Qxf6 Kf8
30.Bxf7 Qxf7  1-0

[Event "Candas op"]
[Site "Candas"]
[Date "1992.??.??"]
[Round "9"]
[White "Hodgson, Julian M"]
[Black "Langeweg, Kick"]
[Result "1-0"]
[WhiteElo "2545"]
[BlackElo "2405"]

1.d4 Nf6 2.Bg5 d5 3.Bxf6 exf6 4.e3 c6 5.Nd2 Bd6 6.Bd3 O-O 7.Qf3 a5 8.Ne2 a4
9.O-O Re8 10.c4 dxc4 11.Nxc4 Bc7 12.e4 Nd7 13.Rad1 Nb6 14.Ne3 Qd6 15.g3 Qb4
16.Rb1 Qe7 17.Rbc1 Ra5 18.Rfd1 Rd8 19.Bb1 Bd6 20.h4 g6 21.Kg2 Kg7 22.Rh1 h5
23.Rhd1 c5 24.d5 Nd7 25.Nc3 Ne5 26.Qe2 b5 27.f4 Ng4 28.Re1 b4 29.Ncd1 Ra7
30.Bd3 Qe8 31.Nf2 Nxf2 32.Qxf2 Re7 33.Nc4 Qd7 34.Nxd6 Qxd6 35.Rxc5 Bb7 36.Qd4 Qb6
37.Rc4 Qxd4 38.Rxd4 Rxd5 39.exd5 Rxe1 40.Kf2  1-0

[Event "Cannes Martinez op"]
[Site "Cannes"]
[Date "1992.??.??"]
[Round "?"]
[White "Legky, Nikolay A"]
[Black "Lazarev, Vladimir"]
[Result "0-1"]
[WhiteElo "2480"]
[BlackElo "2430"]

1.d4 Nf6 2.Bg5 d5 3.Bxf6 exf6 4.e3 c6 5.Bd3 Bd6 6.Qf3 g6 7.Nd2 f5 8.h3 h5
9.Ne2 Nd7 10.c4 Nf6 11.Nc3 Be6 12.cxd5 Nxd5 13.Bc4 Nf6 14.Bxe6 fxe6 15.e4 Bc7
16.Qe3 Qe7 17.O-O O-O-O 18.Nf3 f4 19.Qd3 Rhg8 20.h4 Nh7 21.Rfd1 g5 22.hxg5 Nxg5
23.Kf1 Nxf3 24.Qxf3 Rg4 25.e5 Qb4 26.a3 Qxb2 27.Qd3 Qb6 28.Rab1 Qa5 29.Rb4 c5
30.Ra4 Rxd4 31.Rxd4 cxd4 32.Qxd4 Kb8 33.Qc4 f3 34.Qxe6 fxg2+ 35.Kg1 a6 36.Nd5 Qa4
37.Ne3 Rg5 38.Rc1 Qh4 39.Nxg2 Rxg2+ 40.Kxg2 Qg5+ 41.Kf3 Qxc1 42.Qe8+ Ka7
43.e6 Qxa3+ 44.Ke4 Qb4+ 45.Kf5 Qg4+ 46.Kf6 Bd8+ 47.Kf7 Qf5+ 48.Kg8 Qg5+ 49.Kf7 Qf6+
50.Kg8 h4  0-1

[Event "Cannes team g/60"]
[Site "Cannes"]
[Date "1992.??.??"]
[Round "3"]
[White "Hodgson, Julian M"]
[Black "Fedorowicz, John P"]
[Result "0-1"]
[WhiteElo "2545"]
[BlackElo "2530"]

1.d4 Nf6 2.Bg5 c5 3.Bxf6 gxf6 4.d5 Qb6 5.Qc1 f5 6.g3 Bg7 7.c3 d6 8.Bh3 e6
9.Nf3 Nd7 10.dxe6 fxe6 11.g4 fxg4 12.Bxg4 Nf6 13.Rg1 Rg8 14.Bh3 Bd7 15.Nbd2 O-O-O
16.Nc4 Qa6 17.Qf4 Nd5 18.Nxd6+ Kb8 19.Qf7 Nxc3 20.bxc3 Bxc3+ 21.Kf1 Rxg1+
22.Kxg1 Bxa1 23.Qe7 Bf6 24.Qxf6 Rg8+  0-1

[Event "Cappelle op"]
[Site "Cappelle la Grande"]
[Date "1992.??.??"]
[Round "6"]
[White "Sokolovs, Andrei"]
[Black "Garrido, D."]
[Result "1-0"]
[WhiteElo "2435"]
[BlackElo "2235"]

1.d4 Nf6 2.Bg5 c5 3.Bxf6 gxf6 4.d5 f5 5.c3 Qb6 6.Qc2 e6 7.Nd2 Bg7 8.Nc4 Qa6
9.e3 b5 10.Na3 c4 11.g3 Bb7 12.Bg2 exd5 13.Kf1 b4 14.Nb1 b3 15.Qd1 bxa2 16.Na3 Bxc3
17.bxc3 Qxa3 18.Qd2 Qb3 19.Nf3 Nc6 20.Rxa2 d4 21.Nxd4 Qb1+ 22.Ke2 Nxd4+ 23.cxd4 Qd3+
24.Qxd3 cxd3+ 25.Kf1 Be4 26.f3 Bd5 27.Rd2 Rc8 28.Kf2 Rc2 29.Rxc2 dxc2 30.Rc1 Bb3
31.Bh3 Ke7 32.Bxf5 a5 33.Ke1 Rb8 34.Bxh7 a4 35.Bxc2 Bxc2 36.Rxc2 Rb3 37.Kd2 a3
38.g4  1-0

[Event "Cappelle op"]
[Site "Cappelle la Grande"]
[Date "1992.??.??"]
[Round "6"]
[White "Andersen, Ib"]
[Black "Arkell, Keith C"]
[Result "0-1"]
[WhiteElo "2230"]
[BlackElo "2460"]

1.d4 Nf6 2.Bg5 d5 3.e3 Ne4 4.Bh4 c5 5.Nd2 Nxd2 6.Qxd2 cxd4 7.exd4 Nc6 8.Nf3 g6
9.Bb5 Bg7 10.O-O O-O 11.Rfe1 Re8 12.Ne5 Qb6 13.Ba4 Be6 14.c3 Rac8 15.Nd3 Qc7
16.h3 a6 17.Nc5 Bf5 18.Bxc6 Qxc6 19.Bxe7 b6 20.Nb3 f6 21.Qf4 Kf7 22.Bd6 Qb5
23.Qd2 a5 24.Rxe8 Rxe8 25.Re1 Bh6 26.Qxh6 Rxe1+ 27.Kh2 Ke6 28.Qf8 Kd7 29.Bg3 Qc6
30.Qb8 Re7 31.Nd2 g5 32.b3 h5 33.h4 gxh4 34.Bf4 h3 35.gxh3 Qxc3 36.Qd6+ Ke8
37.Kg1 Re1+ 38.Nf1 Bxh3  0-1

[Event "JUG-chT"]
[Site "Cetinje"]
[Date "1992.??.??"]
[Round "?"]
[White "Maksimovic, Branimir"]
[Black "Simic, Radoslav"]
[Result "1/2-1/2"]
[WhiteElo "2325"]
[BlackElo "2445"]

1.d4 Nf6 2.Bg5 d5 3.Nf3 c6 4.e3 Bf5 5.Bxf6 exf6 6.Bd3 Be6 7.O-O Bd6 8.e4 dxe4
9.Bxe4 O-O 10.c4 Re8 11.c5 f5 12.Bd3 Bf8 13.Nc3 Nd7 14.b4 g6  1/2-1/2

[Event "Chicago Masters"]
[Site "Chicago"]
[Date "1992.??.??"]
[Round "?"]
[White "Levin, David"]
[Black "Remlinger, Larry"]
[Result "1/2-1/2"]
[WhiteElo "2295"]
[BlackElo "2340"]

1.d4 Nf6 2.Bg5 g6 3.Bxf6 exf6 4.e3 Bg7 5.g3 O-O 6.Bg2 d6 7.Ne2 c6 8.Nd2 Re8
9.O-O Nd7 10.c4 f5 11.b4 Nf6 12.c5 Ne4 13.Rb1 d5 14.Qc2 Qe7 15.b5 g5 16.Nxe4 fxe4
17.bxc6 bxc6 18.Qa4 Qc7 19.Rb4 Bd7 20.Rfb1 Reb8 21.Nc3 Rxb4 22.Qxb4 Rd8 23.Rb3 f5
24.Bf1 Bc8 25.Qb8 Qe7 26.Qa8 Qc7 27.Qb8 Qe7 28.Qa8 Qc7  1/2-1/2

[Event "CSR-chT"]
[Site "CSR"]
[Date "1992.??.??"]
[Round "?"]
[White "Obsivac, Josef"]
[Black "Hausner, Ivan"]
[Result "1/2-1/2"]
[WhiteElo "2275"]
[BlackElo "2410"]

1.d4 Nf6 2.Bg5 c5 3.Bxf6 gxf6 4.d5 b6 5.c4 Bg7 6.Nc3 d6 7.g3 Nd7 8.Nf3 Ne5
9.Nxe5 fxe5 10.e4 O-O 11.Qh5 a6 12.Bd3 e6 13.O-O Qf6 14.Rad1 Qg6 15.Be2 Qxh5
16.Bxh5 b5 17.Be2 exd5 18.Rxd5 bxc4 19.Rxd6 Rb8 20.Bxc4 Rxb2 21.Nd5 Kh8 22.Rc1 f5
23.Ne7 fxe4 24.Nxc8 Rxc8 25.Rxa6 Rf8 26.Rf1 Rd2 27.Rc6 h5 28.Rxc5 h4 29.Rd5 Rc2
30.Bb3 Rb2 31.Rc5 Rd8 32.Rc2 Rxc2 33.Bxc2 Rd2 34.Bb3 Bf8 35.Rc1 e3 36.fxe3 Bh6
37.Re1 Bg5 38.Bc4 Rc2 39.Bd5 Be7 40.Bb3 Rd2 41.Rc1 Bg5 42.Re1 Kg7 43.Bc4 Rc2
44.Bd5 Be7 45.a4 Bb4 46.Rb1 Bc5 47.Rb3 Re2 48.Bc4 Bxe3+ 49.Kh1 Re1+ 50.Kg2 hxg3
51.hxg3 e4 52.a5 Bd4 53.a6 Kf6 54.Rb7 Rc1 55.Bb5 Ra1 56.Rb8 Ra5 57.Bc4 Ra4
58.Rc8 Ra3 59.Rf8+ Ke5 60.g4 Be3 61.Rf5+ Kd4 62.Bb5 Kc3 63.g5 Bd4 64.g6 Ra1
65.Rf1 Ra5 66.Rb1  1/2-1/2

[Event "USA-op"]
[Site "Dearborn"]
[Date "1992.??.??"]
[Round "10"]
[White "Finegold, Benjamin"]
[Black "Stone, Raymond"]
[Result "1-0"]
[WhiteElo "2490"]
[BlackElo "2355"]

1.d4 d5 2.Bg5 Nf6 3.Bxf6 exf6 4.e3 Bd6 5.Bd3 c6 6.Nd2 Be6 7.Ne2 Nd7 8.c4 f5
9.Nc3 O-O 10.cxd5 cxd5 11.Qf3 f4 12.exf4 Nf6 13.f5 Bd7 14.O-O Bc6 15.Bb5 Qb6
16.Qd3 a6 17.Bxc6 bxc6 18.Rab1 Rfe8 19.g3 a5 20.Rfc1 a4 21.b3 axb3 22.Nxb3 Ra3
23.Rb2 Qa7 24.Rbc2 Bb4 25.Nb1 Rxa2 26.Rxc6 Ne4 27.Qb5 Bf8 28.Qxd5 Nxf2 29.N1d2 Nh3+
30.Kg2 Ng5 31.h4 Ne4 32.Rc7 Qa8 33.Qxa8 Rexa8 34.R1c2 Nd6 35.g4 h5 36.Kf3 hxg4+
37.Kxg4 Rxc2 38.Rxc2 Re8 39.Nc5 Re2 40.Rb2 Be7 41.Rb8+ Kh7 42.Nf3 Ne4 43.Rb7 Nxc5
44.dxc5  1-0

[Event "Dortmund op-A"]
[Site "Dortmund"]
[Date "1992.??.??"]
[Round "1"]
[White "Olbrisch, Manfred"]
[Black "Modr, Bretislav"]
[Result "1/2-1/2"]
[WhiteElo "2225"]
[BlackElo "2315"]

1.d4 Nf6 2.Bg5 c5 3.Nc3 d5 4.Bxf6 gxf6 5.e4 cxd4 6.Qxd4 dxe4 7.Qxd8+ Kxd8
8.O-O-O+ Bd7 9.Nxe4 Kc7 10.Ne2 Nc6 11.g3 Bg4 12.N4c3 Bh6+ 13.f4 Rad8 14.Bg2 Rhg8
15.Rhe1 Rxd1+ 16.Rxd1 e6 17.Rd2 a6 18.Ne4 Rg6 19.N2c3 e5 20.Nxf6 exf4 21.Nfd5+ Kb8
22.Nxf4 Rg8 23.Rf2 Ne5 24.Be4 Ng6 25.Nd5 Rd8 26.Ne3 Nxf4 27.gxf4 Bh5 28.Bd3 Rd4
29.Ng2 f5 30.Kd2 Bg4 31.Ke3 Rd6 32.Nh4 Rf6 33.c3 Bf8 34.b4 Be7 35.Nf3 Bd8
36.c4 a5 37.a3 axb4 38.axb4 Rb6 39.Rb2 Be7 40.Ne5 Bc5+ 41.Kd2 Rxb4 42.Ra2 Kc7
43.Kc3 Rb6 44.Nxg4 fxg4  1/2-1/2

[Event "Dortmund op-A"]
[Site "Dortmund"]
[Date "1992.??.??"]
[Round "2"]
[White "Werner, Clemens"]
[Black "Boensch, Uwe"]
[Result "1-0"]
[WhiteElo "2265"]
[BlackElo "2500"]

1.d4 Nf6 2.Bg5 d5 3.Nd2 Nbd7 4.Ngf3 g6 5.e3 Bg7 6.c4 c6 7.cxd5 cxd5 8.Bd3 O-O
9.O-O Nb6 10.Rc1 Bd7 11.Qe2 Nc8 12.Rc5 Be6 13.Rfc1 Nd6 14.Bf4 Rc8 15.Rxc8 Bxc8
16.Qd1 Nh5 17.Be5 f6 18.Bxd6 Qxd6 19.Be2 Bh6 20.Qa4 a6 21.Qb3 e6 22.Qc3 Rd8
23.Ne1 Bf8 24.Bxh5 gxh5 25.Nd3 Bd7 26.Qb3 Be8 27.Rc3 Qe7 28.Nc5 Ra8 29.Qb6 Bc6
30.Ndb3 e5 31.Nxb7 Bxb7 32.Rc7 Qd6 33.Qxb7 Re8 34.Rc6 Rb8 35.Qxa6 Qb4 36.Qe2 exd4
37.exd4 Qa4 38.Qe6+ Kh8 39.Rc8 Rxc8 40.Qxc8 Qb4 41.Qe6 Kg7 42.Qe3 Qc4 43.Qg3+ Kf7
44.Qf3 Kg6 45.g3 Bh6 46.Kg2 Bg5 47.h4 Bh6 48.Qd1 Bg7 49.Qd2 Bh6 50.Qc3 Qe2
51.Nc5 f5 52.a4 Bf8 53.Nd3 Qe4+ 54.Kg1 Bg7 55.Nf4+ Kf7 56.Qc7+  1-0

[Event "Dortmund op-A"]
[Site "Dortmund"]
[Date "1992.??.??"]
[Round "3"]
[White "Olbrisch, Manfred"]
[Black "Naumann, Frank"]
[Result "0-1"]
[WhiteElo "2225"]
[BlackElo "2245"]

1.d4 Nf6 2.Bg5 c5 3.Nc3 cxd4 4.Qxd4 Nc6 5.Qh4 e6 6.e4 Be7 7.O-O-O Qa5 8.f4 d6
9.Nf3 Bd7 10.Nd2 a6 11.Nc4 Qc5 12.e5 dxe5 13.Na4 Qb4 14.fxe5 Nxe5 15.Nxe5 Qxh4
16.Bxh4 Bxa4 17.b3 Bb5 18.c4 Rc8 19.Kb1 Bc6 20.Nxc6 Rxc6 21.Bxf6 Bxf6 22.Be2 Ke7
23.Rd2 Rd8 24.Rxd8 Kxd8 25.Rd1+ Ke7 26.a3 Rd6 27.Kc2 Rxd1 28.Bxd1 b6 29.b4 Kd6
30.Bf3 Ke5 31.Kd3 Be7 32.Bc6 a5 33.bxa5 bxa5 34.a4 Bc5 35.Be8 f5 36.Bc6 Kd6
37.Bb7 e5 38.Bd5 e4+ 39.Ke2 Bg1 40.h3 Ke5 41.Bg8 h5 42.Kf1 Bc5 43.Ke2 h4
44.Bd5 g5 45.Bb7 Kf4 46.Bc8 g4 47.Kf1 gxh3 48.gxh3 Ke5  0-1

[Event "Dortmund op-A"]
[Site "Dortmund"]
[Date "1992.??.??"]
[Round "5"]
[White "Werner, Clemens"]
[Black "Priehoda, Vitezslav"]
[Result "0-1"]
[WhiteElo "2265"]
[BlackElo "2390"]

1.d4 Nf6 2.Bg5 c5 3.Bxf6 gxf6 4.d5 Qb6 5.Qc1 f5 6.e3 Bg7 7.c3 d6 8.Nd2 Nd7
9.a4 Nf6 10.Bb5+ Kf8 11.Bc4 e6 12.Ne2 exd5 13.Bd3 Be6 14.O-O h5 15.Rd1 h4
16.Qb1 Ne4 17.Nf1 Bh6 18.a5 Qd8 19.Nf4 Qf6 20.Bxe4 fxe4 21.Nxd5 Qe5 22.Nc7 Rc8
23.Nb5 d5 24.Nxa7 Ra8 25.Nb5 Rg8 26.c4 Qh5 27.Ng3 hxg3 28.hxg3 Rxg3 29.Rxd5 Bxd5
30.cxd5 Rxe3 31.Qc1 Rd3 32.Qxc5+ Kg8 33.Nc3 e3  0-1

[Event "Dortmund op-A"]
[Site "Dortmund"]
[Date "1992.??.??"]
[Round "9"]
[White "Werner, Clemens"]
[Black "Modr, Bretislav"]
[Result "1/2-1/2"]
[WhiteElo "2265"]
[BlackElo "2315"]

1.d4 Nf6 2.Bg5 c5 3.Nc3 d5 4.e3 e6 5.Nf3 Nc6 6.Be2 Be7 7.O-O b6 8.Bb5 Bb7
9.Ne5 Qc8 10.e4 dxe4 11.dxc5 bxc5 12.Bxf6 gxf6 13.Nxc6 Bxc6 14.Qe2 f5 15.f3 exf3
16.Rxf3 Bxb5 17.Nxb5 a6 18.Na3 Rg8 19.Nc4 Qc6 20.Re1 Ra7 21.Ne5 Qe4 22.Qxe4 fxe4
23.Rxf7 c4 24.Rf4 c3 25.bxc3 Bc5+ 26.Kf1 Rag7 27.g3 e3 28.Ke2 Rg5 29.Nf3 Rg4
30.Rxg4 Rxg4 31.Nd4 Bxd4 32.cxd4 Rxd4 33.Kxe3 Ra4 34.Kd2 Ke7 35.Rb1 Kf6 36.Rb2 h5
37.Kd3 h4 38.gxh4 Ke5 39.c3 Rxh4 40.Rb6 Ra4 41.Rb2 Kd5 42.Rc2 Rh4 43.Re2 Rh3+
44.Kc2  1/2-1/2

[Event "Dubai Asian Cities"]
[Site "Dubai"]
[Date "1992.??.??"]
[Round "4"]
[White "Depasquale, Chris"]
[Black "De Guzman, Ricardo"]
[Result "0-1"]
[WhiteElo "2265"]
[BlackElo "2390"]

1.d4 Nf6 2.Bg5 d5 3.Bxf6 exf6 4.e3 c6 5.Nd2 Bd6 6.Bd3 O-O 7.c3 Re8 8.Qc2 g6
9.h4 f5 10.h5 Qf6 11.O-O-O Nd7 12.Ne2 Nf8 13.hxg6 fxg6 14.Nf4 b5 15.g3 a5
16.Nf3 b4 17.c4 Be6 18.c5 Bc7 19.Qa4 Bd7 20.Rh6 Reb8 21.Rdh1 b3 22.axb3 Rb4
23.Qa3 Bc8 24.R1h4 Rab8 25.Bc2 Ba6 26.Nh3 R8b7 27.Nhg5 Bd8 28.g4 f4 29.e4 Rg7
30.e5 Qe7 31.Nh3 Be2 32.Nhg1 Bxf3 33.Nxf3 Ne6 34.Rh1 Nxd4 35.Nxd4 Rxd4 36.Re1 Rb4
37.f3 Qxc5 38.Rh2 Bb6 39.Kb1 Qe7 40.Rhe2 Qa7 41.e6 Be3 42.Rxe3 fxe3 43.f4 Re7
44.f5 Kg7 45.Bd1 gxf5 46.gxf5 Kf6 47.Bc2 Rg7 48.Bd3 Rg2 49.Rh1 Rd2 50.Rh6+ Kg5
51.f6 e2 52.Bxe2 Rxe2 53.f7 Re1+ 54.Ka2 Qg1  0-1

[Event "Dubai Asian Cities"]
[Site "Dubai"]
[Date "1992.??.??"]
[Round "4"]
[White "West, Guy"]
[Black "Mascarinas, Rico"]
[Result "1/2-1/2"]
[WhiteElo "2410"]
[BlackElo "2450"]

1.d4 Nf6 2.Bg5 d5 3.Nd2 g6 4.Bxf6 exf6 5.e3 Bg7 6.Bd3 O-O 7.Qf3 f5 8.Ne2 c6
9.h3 h5 10.Nf4 Qg5 11.h4 Qe7 12.O-O-O Nd7 13.c4 dxc4 14.Bxc4 Kh7 15.Qe2 Nb6
16.Bb3 Bf6 17.Nf3 Kg7 18.Rh3 Rh8 19.Rg3 Rh6 20.Ng5 Bxg5 21.Rxg5 Kf8 22.Kb1 Bd7
23.Ka1 Rd8 24.Rc1 Be8 25.f3 Rd6 26.a3 Rh8 27.Qd3 Qd8 28.Qc3 Rh6 29.Qc5 Qe7
30.Re1 Rd8 31.Qa5 Qc7 32.Qc3  1/2-1/2

[Event "Elenite"]
[Site "Elenite"]
[Date "1992.??.??"]
[Round "6"]
[White "Sokolov, Ivan"]
[Black "Spasov, Vasil"]
[Result "1/2-1/2"]
[WhiteElo "2625"]
[BlackElo "2535"]

1.d4 Nf6 2.Bg5 g6 3.Bxf6 exf6 4.e3 f5 5.g3 Bg7 6.Ne2 d6 7.Bg2 O-O 8.c4 c5
9.Nbc3 cxd4 10.exd4 Nc6 11.Qd2 Re8 12.O-O Bd7 13.Rab1 Rc8 14.Rfd1 b6 15.b3 a6
16.c5 dxc5 17.dxc5 Nb8 18.cxb6 Qxb6 19.Nd5 Qa7 20.a4 Nc6 21.b4 Ne5 22.b5 Nc4
23.b6 Nxd2 24.bxa7 Nxb1 25.Nb6 Rc7 26.Rxd7 Rxa7 27.Rxa7 Rxe2 28.Ra8+ Bf8
29.Bf1 Rd2 30.Bxa6 Kg7 31.Rc8 Bb4 32.Rc4 Rb2 33.Nd5 Be1 34.Rf4 Nd2 35.Bd3 Ne4
36.Bxe4 fxe4 37.Kf1 Rb1 38.Rxe4 Bb4+ 39.Kg2 Bc5 40.Rc4 Ba7 41.Nb4 Rb2 42.Nc2 h5
43.Kf3 g5 44.h3 Kg6 45.g4 hxg4+ 46.hxg4 Kf6 47.Ne3 Bxe3 48.fxe3 Ra2 49.Ke4 Ke6
50.Rc6+ Ke7 51.Ra6 f6 52.Ra8 Kf7 53.a5 Kg7 54.Kd5 Rg2 55.Rc8 Rxg4 56.Rc4 Rg3
57.Rc3 Rg1 58.Ra3 Rd1+ 59.Kc6 Rc1+ 60.Kd7 g4 61.Ke6 g3 62.e4 g2 63.Rg3+ Kf8
64.Rxg2 Ra1 65.Kxf6 Rxa5 66.e5 Ra6+ 67.e6 Ra7 68.Rb2 Rf7+ 69.exf7  1/2-1/2

[Event "Bundesliga 9192"]
[Site "Germany"]
[Date "1992.??.??"]
[Round "?"]
[White "Gerstner, Wolfgang"]
[Black "Voekler, Bernd"]
[Result "1/2-1/2"]
[WhiteElo "2405"]
[BlackElo "2340"]

1.d4 Nf6 2.Bg5 d5 3.e3 c5 4.c3 Nc6 5.Nf3 Qb6 6.Qb3 c4 7.Qxb6 axb6 8.Nbd2 Bf5
9.a3 h6 10.Bh4 e6 11.Be2 Be7 12.O-O O-O 13.Ne5 g5 14.Bg3 Nxe5 15.Bxe5 Nd7
16.Bg3 b5 17.f3 Bg6 18.e4 f5 19.Bd1 f4 20.Bf2 b4 21.cxb4 Bxb4 22.Be1 c3 23.Nb1 cxb2
24.Ra2 Bxe1 25.Rxe1 dxe4 26.fxe4 Rfc8 27.Rxb2 Rc1 28.Kf2 Nf6 29.Bc2 Ng4+
30.Ke2 Rxe1+ 31.Kxe1 Nxh2 32.Rxb7 f3 33.Kf2 fxg2 34.Kxg2 Ng4 35.Kg3 Nf6 36.Kf3 Rf8
37.Ke3 Ng4+ 38.Kd3 Rf3+ 39.Ke2 Rf2+ 40.Kd3 Bxe4+ 41.Kxe4 Rxc2 42.a4 Ra2 43.Re7 Rxa4
44.Rxe6 Kf7 45.Rc6 Ra5 46.Rc5 Rxc5 47.dxc5 Ke6 48.Nc3 Nf6+ 49.Kd4 h5 50.c6 Kd6
51.c7 Kxc7 52.Ke5 Nh7 53.Kf5 g4 54.Ne4  1/2-1/2

[Event "NRW-Liga II 9192"]
[Site "Germany"]
[Date "1992.??.??"]
[Round "?"]
[White "Stillger, Bernhard"]
[Black "Rechmann, Peter"]
[Result "0-1"]
[WhiteElo "2250"]
[BlackElo "2360"]

1.d4 Nf6 2.Bg5 d5 3.Bxf6 exf6 4.e3 c6 5.Bd3 Qb6 6.b3 a5 7.a3 Bd6 8.Qf3 O-O
9.Ne2 Nd7 10.O-O g6 11.g4 Qc7 12.h3 b6 13.Nd2 Bb7 14.c4 a4 15.b4 dxc4 16.Bxc4 b5
17.Ba2 c5 18.Bd5 Bxd5 19.Qxd5 Nb6 20.Qf3 cxb4 21.Rfc1 Qd8 22.axb4 Bxb4 23.Ne4 Be7
24.Nc5 Nc4 25.Nc3 Nd2 26.Qe2 Bxc5 27.Qxd2 Bb4 28.Rcb1 Qa5 29.Rxb4 Qxb4 30.Rb1 Qc4
31.Rxb5 Rfc8 32.Rc5 Rxc5 33.dxc5 a3  0-1

[Event "Verbandsliga Nord Baden"]
[Site "Germany"]
[Date "1992.??.??"]
[Round "?"]
[White "Villing, Dieter"]
[Black "Grathwohl, Roland"]
[Result "0-1"]
[WhiteElo "2280"]
[BlackElo "2295"]

1.d4 Nf6 2.Bg5 d5 3.Nc3 Bf5 4.e3 Nbd7 5.Bd3 Bxd3 6.cxd3 c6 7.Nf3 h6 8.Bh4 e6
9.O-O Be7 10.Ne5 Nxe5 11.dxe5 Nd7 12.Bg3 O-O 13.Qg4 Qe8 14.e4 Bb4 15.exd5 Bxc3
16.bxc3 cxd5 17.Qb4 b6 18.f4 Nc5 19.Rf3 Qa4 20.Qb2 Qa5 21.f5 exf5 22.Rxf5 Nxd3
23.Qd2 Nc5 24.Raf1 Ne6 25.Bf4 Rac8 26.Qf2 Qxc3 27.Bd2 Qc5 28.Be3 d4 29.Bxh6 d3
30.Be3 Qe7 31.h4 Rc4 32.h5 Qh4 33.Qf3 Nd4 34.Bxd4 Qxd4+ 35.Kh1 Qc5 36.Qg3 Rc1
37.Rxc1 Qxc1+ 38.Kh2 d2 39.Rg5 d1=Q 40.Rxg7+ Kh8  0-1

[Event "Bundesliga 9192"]
[Site "Germany"]
[Date "1992.??.??"]
[Round "?"]
[White "Heyken, Enno"]
[Black "Mueller, Mat"]
[Result "1/2-1/2"]
[WhiteElo "2420"]
[BlackElo "2355"]

1.d4 Nf6 2.Bg5 d5 3.Nd2 e6 4.e4 dxe4 5.Nxe4 Nbd7 6.Nxf6+ Nxf6 7.Nf3 c5 8.Bxf6 gxf6
9.Bb5+ Bd7 10.Bxd7+ Qxd7  1/2-1/2

[Event "BL2-S9192"]
[Site "Germany"]
[Date "1992.??.??"]
[Round "?"]
[White "Mohrlok, Dieter"]
[Black "Pfrommer, Christoph"]
[Result "1-0"]
[WhiteElo "2425"]
[BlackElo "2310"]

1.d4 Nf6 2.Bg5 d5 3.e3 Ne4 4.Bh4 Qd6 5.Nd2 Qb4 6.Nf3 Qxb2 7.Nxe4 dxe4 8.Nd2 e6
9.Be2 Bb4 10.O-O Bxd2 11.Qxd2 b6 12.a4 a5 13.Rfb1  1-0

[Event "Graz-ch"]
[Site "Graz"]
[Date "1992.??.??"]
[Round "7"]
[White "Benedikt, Alexander"]
[Black "Ebner, Walter"]
[Result "0-1"]
[WhiteElo "2065"]
[BlackElo "2190"]

1.d4 Nf6 2.Bg5 g6 3.Bxf6 exf6 4.e3 Bg7 5.Bd3 d6 6.Nd2 O-O 7.c3 f5 8.Qf3 c6
9.O-O-O Be6 10.Kb1 b5 11.Ne2 Qb6 12.Nf4 Nd7 13.h4 Nf6 14.h5 Bd5 15.Nxd5 cxd5
16.Qf4 Rfc8 17.hxg6 hxg6 18.f3 a5 19.Rc1 a4 20.a3 Rc7 21.e4 b4 22.axb4 a3
23.exf5 axb2 24.Kxb2 Nh5 25.Qg4 Rxc3 26.Kxc3 Ra3+ 27.Kc2 Qxb4 28.Rb1 Ra2+  0-1

[Event "Oberliga Hessen"]
[Site "Hessen"]
[Date "1992.??.??"]
[Round "?"]
[White "Bletz, Harald"]
[Black "Heidl, Guenther"]
[Result "1-0"]
[WhiteElo "2295"]
[BlackElo "2400"]

1.d4 Nf6 2.Bg5 c5 3.dxc5 Qa5+ 4.Qd2 Qxc5 5.Nc3 h6 6.Bxf6 gxf6 7.e4 d6 8.O-O-O Bd7
9.f4 Nc6 10.Nd5 Nd8 11.Nf3 Bg7 12.Nd4 f5 13.Nb3 Qc8 14.Nxe7 Kxe7 15.Qxd6+ Ke8
16.Nc5 Qc6 17.Qxd7+ Qxd7 18.Rxd7 Rc8 19.Rd5 b6 20.Bb5+ Kf8 21.Nd7+ Kg8 22.exf5 Nc6
23.f6  1-0

[Event "HUN-chT"]
[Site "HUN"]
[Date "1992.??.??"]
[Round "?"]
[White "Brandics, Jozsef"]
[Black "Borocz, Istvan"]
[Result "0-1"]
[WhiteElo "2335"]
[BlackElo "2225"]

1.d4 Nf6 2.Bg5 c5 3.dxc5 e6 4.Nd2 Bxc5 5.e3 Nc6 6.a3 Be7 7.Ngf3 O-O 8.Bd3 d5
9.c4 h6 10.Bh4 d4 11.e4 Nd7 12.Bxe7 Qxe7 13.O-O e5 14.b4 a5 15.b5 Nd8 16.Nb3 Ne6
17.g3 Nec5 18.Nh4 Nxb3 19.Qxb3 Nc5 20.Qd1 Bh3 21.Re1 Rac8 22.Be2 Be6 23.Bg4 Rcd8
24.Bxe6 Qxe6 25.Nf5 Kh7 26.Qf3 g6 27.Nh4 b6 28.Rac1 d3 29.Red1 Rd4 30.Ng2 Rxe4
31.Ne3 Rd4 32.Nd5 Kg7 33.Rc3 Na4 34.Rb3 e4 35.Qe3 Rxc4 36.Nf4 Qd6 37.f3 Nc5
38.Rbb1 Rd8 39.fxe4 Rxe4 40.Qf3 Qd4+  0-1

[Event "HUN-chT"]
[Site "HUN"]
[Date "1992.??.??"]
[Round "12"]
[White "Lajos, Janos"]
[Black "Csiszar, Csaba"]
[Result "0-1"]
[WhiteElo "2360"]
[BlackElo "2240"]

1.d4 Nf6 2.Bg5 d5 3.e3 Nbd7 4.Nf3 g6 5.Bd3 Bg7 6.Nbd2 O-O 7.O-O c6 8.c3 Qe8
9.Bf4 Nh5 10.Be2 Nxf4 11.exf4 f6 12.Re1 e5 13.fxe5 fxe5 14.dxe5 Nxe5 15.c4 Qf7
16.cxd5 cxd5 17.Qb3 Nc6 18.Rf1 Rd8 19.Rad1 Qf6 20.Rb1 b6 21.Rfd1 Na5 22.Qa3 Be6
23.b3 Rac8 24.Nf1 Bf5 25.Bd3 Bg4 26.Be2 Rc2 27.Ne3 Rxe2 28.Nxg4 Qf8 29.Qa4 Re4  0-1

[Event "IRL-op"]
[Site "IRL"]
[Date "1992.??.??"]
[Round "?"]
[White "Brady, Stephen"]
[Black "Hall, Jesper"]
[Result "0-1"]
[WhiteElo "2320"]
[BlackElo "2305"]

1.d4 Nf6 2.Bg5 c5 3.Bxf6 gxf6 4.d5 Qb6 5.Qc1 f5 6.g3 e5 7.Bg2 h5 8.c3 d6
9.Nd2 Nd7 10.Qc2 Bh6 11.O-O-O Nf6 12.Kb1 Bd7 13.Ngf3 O-O-O 14.Nc4 Qa6 15.Ncxe5 dxe5
16.Nxe5 Ng4 17.Nxd7 Rxd7 18.e3 Qf6 19.h3 Ne5 20.Qa4 Qb6 21.f4 Ng6 22.Rd3 Rd6
23.c4 Kb8 24.Qc2 Qd8 25.a3 Bg7 26.b4 Qf6 27.Kc1 Rc8 28.Bf3 Nf8 29.Kd2 Qg6
30.Rg1 Nd7 31.Rb3 Nb6 32.b5 Nd7 33.e4 fxe4 34.Qxe4 Bd4 35.Qxg6 fxg6 36.Re1 Nb6
37.Be2 h4 38.gxh4 Rh8 39.Rf3 Rxh4 40.Bd3 Rh8 41.Re7 Rf8 42.Rg7 Bxg7  0-1

[Event "Karvina op"]
[Site "Karvina"]
[Date "1992.??.??"]
[Round "6"]
[White "Rawski, Slawomir"]
[Black "Svec, Juraj"]
[Result "1-0"]
[WhiteElo "2300"]
[BlackElo "2255"]

1.d4 Nf6 2.Bg5 d5 3.Bxf6 exf6 4.e3 Bd6 5.Qf3 c6 6.Bd3 Be6 7.Ne2 Qc7 8.Nd2 Nd7
9.c3 g6 10.h3 Be7 11.g4 O-O-O 12.O-O-O Kb8 13.Kb1 Ka8 14.Nf4 Nf8 15.Rc1 Qd7
16.Rhd1 f5 17.Nxe6 fxe6 18.c4 Qc8 19.cxd5 fxg4 20.Qf7  1-0

[Event "ARG-ch sf2"]
[Site "La Plata"]
[Date "1992.??.??"]
[Round "?"]
[White "Mendez, Ernesto"]
[Black "Needleman, Alejandro"]
[Result "0-1"]
[WhiteElo "2345"]
[BlackElo "2340"]

1.d4 Nf6 2.Bg5 c5 3.d5 Qb6 4.Nc3 Qxb2 5.Bd2 Qb6 6.e4 d6 7.f4 g6 8.Nf3 Bg7
9.Bc4 O-O 10.O-O Bg4 11.h3 Bxf3 12.Qxf3 Nbd7 13.Qe2 Qc7 14.Rfe1 a6 15.a4 Nh5
16.Qf3 Nb6 17.Bf1 c4 18.Reb1 f5 19.exf5 Rxf5 20.g4 Rxf4 21.Bxf4 Nxf4 22.a5 Qc5+
23.Kh1 Nbxd5 24.Nxd5 Nxd5 25.Ra4 Rf8 26.Qe4 Rf4 27.Qe6+ Kh8 28.Rxc4 Rxc4
29.Bxc4 Qxc4 30.Rd1 Bd4 31.Re1 Qc3 32.g5 Nf4  0-1

[Event "Liechtenstein op"]
[Site "Liechtenstein"]
[Date "1992.??.??"]
[Round "?"]
[White "Gohil, Harry"]
[Black "Foisor, Cristina Adela B"]
[Result "1/2-1/2"]
[WhiteElo "2225"]
[BlackElo "2375"]

1.d4 Nf6 2.Bg5 g6 3.Bxf6 exf6 4.e3 f5 5.Bd3 d5 6.c3 c6 7.Ne2 Nd7 8.Nd2 Nf6
9.Nf4 Bd6 10.Qc2 Qc7 11.g3 Bd7 12.O-O-O Ne4 13.Rhf1 b5 14.Rde1 O-O 15.f3 Nxd2
16.Qxd2 Rae8 17.e4 fxe4 18.fxe4 dxe4 19.Rxe4 Rxe4 20.Bxe4 Qd8 21.Bc2 a5 22.Kb1 Qg5
23.Qf2 Qf6 24.Qg2 Qe7 25.Nd3 Re8 26.Qf2 Kg7 27.Ne5 f5 28.Nxd7 Qxd7 29.a4 b4
30.c4 Be7 31.Bb3 Bf6 32.Rd1 Re4 33.d5 c5 34.Re1 Bd4 35.Qd2 Qe7 36.Rxe4 Qxe4+
37.Bc2 Qf3 38.Qe1 Be3 39.d6 Kf6 40.g4 Qf2 41.Qxf2 Bxf2 42.gxf5 g5 43.Be4 Bd4
44.h3 h6 45.b3 Be5 46.d7 Ke7 47.Bc6 Bf6 48.Kc2 Kd6 49.Bf3 Kxd7 50.Kd3 Kd6
51.Ke4 Bd4 52.Bh5 Bb2 53.Bf7 Bc3 54.Be6 Bd4 55.Kf3 Ke5 56.Kg4 Be3 57.Kh5 Kf6
58.Bc8 Bf4 59.Bd7 Kg7 60.Kg4 Kf6 61.Kh5 Kf7 62.Kg4 Ke7 63.Bc8 Kf6 64.Kh5 Kg7
65.Kg4  1/2-1/2

[Event "Los Angeles"]
[Site "Los Angeles"]
[Date "1992.??.??"]
[Round "?"]
[White "Duckworth, William  Mark"]
[Black "Chapa, Eric"]
[Result "1-0"]
[WhiteElo "2295"]
[BlackElo "2220"]

1.d4 Nf6 2.Bg5 c5 3.Nc3 cxd4 4.Qxd4 Nc6 5.Qh4 d6 6.O-O-O Be6 7.e4 Qa5 8.Nf3 a6
9.Kb1 Rc8 10.a3 b5 11.Nd4 b4 12.Nxc6 Rxc6 13.axb4 Qxb4 14.e5 Qxh4 15.Bxh4 dxe5
16.Be2 Bf5 17.Rhe1 e6 18.Bf3 Rc4 19.Bg3 e4 20.Be2 Rc6 21.Nb5 Bb4 22.Nd4 Rc8
23.Bxa6 O-O 24.Bxc8 Rxc8 25.c3 Bc5 26.Nxf5 exf5 27.h3 Nh5 28.Rd5 Nxg3 29.fxg3 g6
30.g4 Re8  1-0